Backwards Typing Blitz I Quiz Stats

 Plays Quiz not verified by Sporcle

Challenge
Share
Tweet
Embed
Score 0/45 Timer 01:00
0 Plays Today
Word Backwards % Correct
waneenaw
65.1%
whichhcihw
63.3%
pureeeerup
63.3%
wornnrow
63.3%
noggon
62.4%
lynxxnyl
62.4%
enddne
60.6%
doughhguod
59.6%
sidleeldis
59.6%
bussub
59.6%
itchhcti
59.6%
rattar
58.7%
painniap
58.7%
sickkcis
58.7%
spunkknups
58.7%
flowwolf
58.7%
smearraems
57.8%
tuniccinut
56.9%
thouuoht
56.9%
droolloord
56.9%
hooppooh
56.9%
pulpyyplup
56.9%
soonnoos
56.9%
Word Backwards % Correct
smuttums
56.9%
pigmyymgip
56.9%
layyal
56%
yahoooohay
56%
caulluac
56%
jukeekuj
56%
sinceecnis
55%
alikeekila
55%
unionnoinu
55%
fourruof
55%
taberrebat
54.1%
begettegeb
53.2%
wagessegaw
53.2%
snippins
53.2%
steppets
52.3%
caterretac
51.4%
abbeyyebba
50.5%
placeecalp
50.5%
nodalladon
49.5%
exulttluxe
49.5%
willlliw
46.8%
gorgeegrog
45.9%

You're not logged in!

Compare scores with friends on all Sporcle quizzes.
OR
Log In

You Might Also Like...

Show Comments

Extras

Top Quizzes Today


Score Distribution

Your Account Isn't Verified!

In order to create a playlist on Sporcle, you need to verify the email address you used during registration. Go to your Sporcle Settings to finish the process.

Report this User

Report this user for behavior that violates our Community Guidelines.

Details: